| 000 | 00514 a2200157 4500 | ||
|---|---|---|---|
| 020 | _a8175140399 (hardcover) | ||
| 020 | _a9788175140394 (hardcover) | ||
| 090 |
_c5482 _d5482 |
||
| 100 | 1 | _aWeiff, T.B. | |
| 245 | 1 | 0 |
_aRe-engineering performance management / _cT.B. Weiff, F. Hartel. |
| 260 |
_a[S.l.] : _bDeep & Deep Publications, _c2002. |
||
| 300 | _a250 p. | ||
| 700 | 1 | _aHartel, F. | |
| 856 | 4 | 0 |
_3Amazon.com _uhttp://www.amazon.com/exec/obidos/ASIN/8175140399/chopaconline-20 |
| 942 |
_aNBS _cBK _k658.4013 WEI |
||
| 999 |
_c347889 _d347889 |
||